Alle Berufe in Narben von Alligatoah - Statistiken

Allgemein
  • Dieses Quiz wurde 107 mal gespielt
  • Das Durchschnittsergebnis liegt bei 11 aus 36
Antwortstatistiken
Antwort % Korrekt
Englischlehrer
98%
Gespensterjäger
85%
Entertainer
67%
Judokämpfer
58%
U-Boot-Lenker
56%
Sänftenträger
55%
Stuhlgroßhändler
49%
Fluglotsenarzt
44%
Anglerberater
43%
Empfangsdamencaster
39%
Tankwagenfahrer
37%
Landkartenmaler
35%
Angela Merkels dritter Geliebter
24%
Taxi Driver
24%
Brettspielschreiner
21%
Landesverkehrsminister von China
20%
Webdesigner
20%
Abschleppdienstleiter
19%
Pepsi-Light-Verkäufer
19%
Drecksviehtreiber
18%
Extremsportler
18%
Seelsorger
18%
Steckbriefschreiber
18%
AIDS-Forscher
17%
Beim Militär Gerichtsmediziner
17%
Gay-Porn-Star
17%
Tanzende-Bären-im-Schritt-Tätowierer
17%
Jet Lis Meister
15%
Computerspieletester
14%
Reporter
14%
Buchkapiteltexter
13%
Gesuchter Kriegsverbrecher
13%
Schulkantinenbäcker
13%
Skateboarder
12%
Flugmaschinenchef
11%
Seefahrer
10%
Keine übereinstimmenden Quizze gefunden
Verteilung der Resultate
Anzahl Personen mit jedem Resultat
Perzentil nach korrekt beantworteten Fragen
Ihre Resultats-Entwicklung
Sie haben dieses Quiz noch nicht gespielt